Microsoft ADO .NET (Record no. 176349)

000 -LEADER
fixed length control field 00346nam a2200133Ia 4500
008 - FIXED-LENGTH DATA ELEMENTS--GENERAL INFORMATION
fixed length control field 220217s9999||||xx |||||||||||||| ||und||
020 ## - INTERNATIONAL STANDARD BOOK NUMBER
International Standard Book Number 81-7853-3072-4
082 ## - DEWEY DECIMAL CLASSIFICATION NUMBER
Classification number 005.276 SCE
100 ## - MAIN ENTRY--PERSONAL NAME
Personal name Sceppa, David
9 (RLIN) 5370
245 #0 - TITLE STATEMENT
Title Microsoft ADO .NET
260 ## - PUBLICATION, DISTRIBUTION, ETC.
Place of publication, distribution, etc. WP publishers
Name of publisher, distributor, etc. Bangalore
Date of publication, distribution, etc. 2003
300 ## - PHYSICAL DESCRIPTION
Other physical details 550
650 ## - SUBJECT ADDED ENTRY--TOPICAL TERM
Topical term or geographic name entry element SOFTWARE DESIGN
Holdings
Withdrawn status Lost status Damaged status Not for loan Collection code Home library Current library Shelving location Date acquired Full call number Barcode Date last seen Price effective from Koha item type
        Computer Science and Engineering Central Library Central Library Book Cart 02/18/2022 005.276 SCE 11538 02/18/2022 02/18/2022 Books

Powered by Koha